La competencia

Bewaard in:
Bibliografische gegevens
Hoofdauteur: Fernández Ordóñez, Miguel A (Auteur)
Formaat: Boek
Taal:Spaans
Gepubliceerd in: Madrid Alianza 2000
Editie:1a. ed
Reeks:Materiales-Ciencias Sociales, 026
Onderwerpen:
Tags: Voeg label toe
Geen labels, Wees de eerste die dit record labelt!

MARC

LEADER 00000cam a2200000 a 4500
001 UCD6846
003 CL-VaPUC
008 170226e20000000sp |||||||||||||||||spa|d
020 |a 8420657573 
082 0 4 |a 658.47  |b FER  |2 21 
100 0 |a Fernández Ordóñez, Miguel A  |e author  |9 590689 
245 1 3 |a La competencia 
250 |a 1a. ed 
300 |a 175 p 
942 |c BK 
945 |d 20170226 00:48:00  |a dcastane 
260 |a Madrid  |b Alianza  |c 2000 
650 0 |a Competitividad   |9 308495 
650 0 |a Planificación estratégica   |9 259735 
583 |a last modification  |c 20170226 00:48:00  |k Rodrigo Vera 
490 0 |a Materiales-Ciencias Sociales, 026 
999 |c 367023  |d 367021 
952 |0 0  |1 0  |3 erb  |4 0  |6 658_470000000000000_FER_2000  |7 0  |8 A  |9 481703  |a BIBENE  |b BIBENE  |i 5328179  |o 658.47 FER 2000  |p 5328179  |r 2025-01-15  |w 2019-11-24  |y BK  |z Catalogado en:20170226  |k ICO